Los Angeles Lakers NBA Playoffs Leaders Per Year - Statistics

General Stats
  • This quiz has been taken 2,102 times
    54 since last reset
  • The average score is 21 of 56
Answer Stats
Player % Correct
LeBron James
100%
Luka Dončić
98%
Anthony Davis
94%
Kobe Bryant
94%
Shaquille O'Neal
94%
Kareem Abdul-Jabbar
90%
Magic Johnson
88%
Jerry West
86%
Pau Gasol
86%
James Worthy
84%
Wilt Chamberlain
80%
Deandre Ayton
78%
George Mikan
78%
Elgin Baylor
76%
Dwight Howard
67%
Derek Fisher
65%
Andrew Bynum
61%
Marcus Smart
61%
Gail Goodrich
43%
Lamar Odom
43%
Ron Artest
43%
Vlade Divac
39%
Byron Scott
37%
Rick Fox
35%
Robert Horry
35%
A.C. Green
33%
Eddie Jones
27%
Nick Van Exel
27%
Norm Nixon
22%
Smush Parker
20%
Jamaal Wilkes
16%
Elmore Smith
14%
Slater Martin
14%
Andre Drummond
12%
Cedric Ceballos
12%
Elden Campbell
12%
Sedale Threatt
12%
Clyde Lovellette
10%
Hot Rod Hundley
10%
Jim Pollard
10%
Luke Walton
10%
Archie Clark
8%
Sam Perkins
6%
Whitey Skoog
6%
Adrian Dantley
4%
Connie Hawkins
4%
Don Chaney
4%
Frank Selvy
4%
Slick Leonard
4%
Andrew Goudelock
2%
Bill Bridges
2%
Jim Price
2%
Lou Hudson
2%
Walt Hazzard
2%
Gene Wiley
0%
Walter Dukes
0%
No matching quizzes found
Score Distribution
Percent of People with Each Score
Percentile by Number Answered
Your Score History
You have not taken this quiz since the last reset